Masculinidad es: identidad, sexualidad y familia /

Spremljeno u:
Bibliografski detalji
Glavni autor: Olavarría, José
Daljnji autori: Parrini, Rodrigo
Format: Nepoznato
Izdano: Santiago: FLACSO. Sede Chile
Teme:
Oznake: Dodaj oznaku
Bez oznaka, Budi prvi tko označuje ovaj zapis!

MARC

LEADER 00000 a2200000 04500
001 19106
003
008 991231s d
040
090 |a 145110  
100 |a Olavarría, José  
245 |a Masculinidad es: identidad, sexualidad y familia /  |c José Olavarría 
260 |a Santiago:   |b FLACSO. Sede Chile  
300 |a 115 p.  
650 |a HOMBRES  
650 |a VARONES  
650 |a SEXUALIDAD  
650 |a COMPORTAMIENTO SEXUAL  
650 |a OPINION PUBLICA  
700 |a   
700 |a Parrini, Rodrigo  
700 |a   
999 |c 14067  |d 14067